00926nac a22002531u 4500010001700000020001500017082001500032090001500047100003400062245009700096250001300193260006900206300004000275500002700315504005100342511002800393650001700421700002700438700002800465700002700493942001700520999001500537952012000552 a 2004044713 a013140412100a659.1bLAN c7671d7671 aLane, W. Ronald, 10aKleppner's advertising procedure /cW. Ronald Lane, Karen Whitehill King, J. Thomas Russell. a16th ed. aUpper Saddle River, N.J. :bPearson/Prentice Hall,c2005.cc2005. axvii, 766 p. :bcol. ill. ;c29 cm. aDistributer: Al-Ahram. aIncludes bibliographical references and index. aCatalogued By: Mahitab. 0aAdvertising.1 aKing, Karen Whitehill.1 aRussell, Thomas,d1941-1 aKleppner, Otto,d1899- cBBk659.1LAN c7671d7671 00104070aMAINbMAINc1STd2008-02-03ePurchasel11m33o659.1LANp000009105r2025-07-15 00:00:00s2017-02-06yBB